| 000 | 00662nam a2200229 a 4500 | ||
|---|---|---|---|
| 999 |
_c11679 _d11679 |
||
| 001 | 11679 | ||
| 003 | BD-JhCC | ||
| 005 | 20200716131209.0 | ||
| 008 | 200716b20182019bg a|||| ||a| 000 0 ben d | ||
| 020 | _a9789849359531 | ||
| 035 | _a(BD-JhCC)11679 | ||
| 040 |
_aBD-JhCC _dBD-JhCC |
||
| 041 | _aben | ||
| 082 |
_a891.4415 _bRAH 2019 |
||
| 100 | _aরাহমান, শামসুর | ||
| 245 |
_aআমার ঢাকা / _cশামসুর রাহমান । |
||
| 260 |
_aঢাকা: _bপ্রথমা প্রকাশন; _c২০১৯. |
||
| 300 |
_a133 p. : _bill; _c18 cm. |
||
| 650 | _aPoems | ||
| 942 |
_2ddc _cBK |
||